000 01584 a2200457 4500
001 52385
003 ES-MaCES
005 20250203133957.0
008 220718s2022 sp ||||| |||||||||||spa|d
017 _aM 11772-2022
_bDL
020 _a9788413524627
040 _aES-MaCES
_bspa
_cES-MaCES
100 1 _aSordo, Unai
_939411
245 1 4 _aLos sindicatos y el nuevo contrato social
_b: cómo España salió del ERTE
_cUnai Sordo ; proemio de Enric Juliana ; pr. de María Eugenia Rodríguez Palop
260 _aMadrid
_bLos libros de la catarata
_c[2022]
300 _a190 p.
_c22 cm
490 1 _aLos Libros de la Catarata
_v888
504 _aBibliografía: p. 121-125
541 _cCompra
650 4 _928377
_asindicato
650 4 _929453
_asindicalismo
650 7 _930739
_acontrato social
650 4 _930664
_aconcertación social
650 4 _928369
_arelaciones laborales
650 7 _928362
_anegociación colectiva
650 7 _929986
_aterminación de la relación de trabajo
650 7 _930703
_asuspensión del contrato de trabajo
650 7 _928382
_asalario mínimo
650 7 _928292
_amercado de trabajo
650 7 _929892
_areforma legislativa
650 7 _939751
_aCovid-19
650 7 _930732
_aevaluación del impacto
650 7 _926964
_aEspaña
650 7 _940425
_a2019-2022
653 1 0 _aRelaciones laborales-Empleo
700 1 _940438
_aJuliana, Enric
_epr.
700 1 _940439
_aRodríguez Palop, María Eugenia
_epr.
830 4 _aLos libros de la Catarata
_932187
_v888
902 _aLIB Libro
942 _2CES
_cBK
_h2.0.
999 _c52385
_d52385